000 00676nam a2200241Ia 4500
003 OSt
005 20221005024239.0
006 a|||||r|||| 00| 0
007 ta
008 221004b |||||||| |||| 00| 0 eng d
024 _a71554
037 _cTextual
040 _aCRL
_cCRL
_beng
041 _2eng
_aeng
082 _aY41(J).55, M6
100 _aMoeller Robert G Ed.
245 0 _aPeasants and Lords in modern Germany
_b Recent studies in agricultural history
260 _aBoston
_bAllen and Unwin
_c1986
300 _a267p
_ccm.
650 _aSOCIOLOGY
942 _hY41(J).55, M6
_cTEXL
_2cc
999 _c932554
_d932554